00678nam a2200265Ia 4500008004100000020001500041050000800056050001400064100002300078245002700101245002300128245002500151260001800176260001100194260000900205300001600214300002000230300001000250650004200260650003300302650001900335650001100354650002800365999001900393170712s9999 xx 000 0 und d a9712715825 a390 bM299 2006 aMaramba, Asuncion  aBeyond the classroom : bessays on living / cby Asuncion Maramba. aPhilippines : bAnvil, c2006 a216 pages : billustrations ; c22cm. aNational characteristics, Philippine. aPhilippine essays (English). aPhilippines -- aTitle. xSocial life and custom. c340283d340283